Compiler construction : principles and practice

Αποθηκεύτηκε σε:
Λεπτομέρειες βιβλιογραφικής εγγραφής
Κύριος συγγραφέας: Louden, Kenneth C.
Μορφή: Βιβλίο
Γλώσσα:English
Δημοσίευση: Boston : PWS Pub. Co., c1997
Θέματα:
Ετικέτες: Προσθήκη ετικέτας
Δεν υπάρχουν, Καταχωρήστε ετικέτα πρώτοι!

MARC

LEADER 00000nam a2200000 i 4500
001 1/62507
008 071112s1997 eng d
020 |a 978-0-534-93972-4 
020 |a 0-534-93972-4 
035 |l 10092208 
040 |a GR-MY-UA  |b gre  |e aacr 
041 0 |a eng 
082 0 |a 005.453  |2 (22) 
100 1 |a Louden, Kenneth C. 
245 1 0 |a Compiler construction :  |b principles and practice /  |c Kenneth C. Louden 
260 |a Boston :   |b PWS Pub. Co.,   |c c1997 
300 |a x, 582 σ.;  |b εικ.;  |c 24 εκ. 
504 |a Περιλαμβάνει βιβλιογραφικές παραπομπές και ευρετήριο 
650 0 0 |a Compilers (Computer programs) 
852 |a INST  |b SAMOS  |e 20071112  |h 005.453 LOU  |p 005300027824  |q 005300027824  |t BK  |y 0 
901 |a BIBL3-2007-3 
909 |a Σ  |b 140030 
922 |a 3ΕΛΗ  |b 200710  |c ΕΠΕΑΕΚ2/ΤΜΠΕΣ  |d ΠΑΠΑΣΩΤΗΡΙΟΥ 
970 |a ΡΟΥΣΣΟΥ  |b ΚΩΝΣΤΑΝΤΙΝΑ  |z 2007/11/12